000 00761nam a22002891 4500
001 01064534
003 DO-SdBNP
005 20180207124558.0
007 01064534
008 920725s1970 sp spa
016 7 _a
_z
_2BPMSU
017 _a
_b
035 _a(OCoLC)
040 _aBPMSU
_bspa
_cBPMSU
080 _a
100 1 _aKnebel, Fletcher
240 _aThe Zinzin Road
_lEspañol
245 1 3 _aLa ruta de Zinzin /
_h
_cFletcher Knebel ; traducción Baldomero Porta
260 _aBarcelona :
_bBruguera
_c1970
300 _a557 p. :
_c18 cm
490 0 _aLibro Amigo ;
_v 124
700 1 _a
830 _aLibro Amigo
_v124
942 _2ddc
_cBK
945 _aInventariado, 2018/MFF
956 _aVMATEO
_210
_320160328
_6BPMSU
_80069
999 _c9388
_d9388